| 000 | 00476nab a2200145Ia 4500 | ||
|---|---|---|---|
| 003 | ES-SlBCS | ||
| 005 | 20210601125229.0 | ||
| 008 | 140529s1971 xxu||||| |||| 00| 0 eng d | ||
| 041 | _aeng | ||
| 100 | 1 |
_aSmillie, David _9155703 |
|
| 245 | 0 | 2 |
_aA Psychological Contribution to the Phenomenology of the Other _c David Smillie |
| 650 | 0 | 4 |
_aFenomenología del otro _9155704 |
| 773 | 0 |
_tPhilosophy and Phenomenological Research _gvol. 32, 1971, págs. 69-77 _wRev1411 |
|
| 942 | _cAR | ||
| 999 |
_c526897 _d526897 |
||